00585nam a2200169Ia 4500008004100000041000800041082001300049100002500062245004200087260001600129300000800145365001600153700002500169906003500194999001900229952016700248230718s9999 xx 000 0 und d aeng a658bCHO aChoudhury A.9132115 aCount Your Chickens Before They Hatch c2001bVikas a125 cRs.b225.00 aChoudhury A.9132115 dB:242810-Nov-2001cMGMTb33.75 c302695d302695 00104070aCCEPbCCEPd2001-12-13eTechnical Book ServicesfMGMTg191.25i2428l0o658pCCEP-BK-13902r2023-07-18 00:00:00t33.75v225.00w2001-11-10yBKz013902